Coats of Arms of the ECOWAS Countries - Statistics

General Stats
  • This quiz has been taken 39 times
  • The average score is 13 of 15
Answer Stats
Picture Answer % Correct
Mali
97%
Togo
97%
Burkina Faso
94%
Cape Verde
91%
Ghana
91%
Ivory Coast
91%
Niger
91%
Guinea
88%
Liberia
88%
Nigeria
82%
Benin
79%
Guinea Bissau
76%
Senegal
76%
Gambia
73%
Sierra Leone
67%
No matching quizzes found
Score Distribution
Percent of People with Each Score
Percentile by Number Answered
Your Score History
You have not taken this quiz